000 00396nam a22001697a 4500
003 OSt
005 20211014151130.0
008 211014b |||||||| |||| 00| 0 eng d
020 _a0534537030
040 _cHU
082 _a304.2/WOL
100 _aEDWARD C. WOIF
_913737
245 _aRACE TO SAVE THE PLANET
260 _aAMERICA
_bWASWORTH
_c1998
300 _a184P
942 _2ddc
_cBOOKS
_n0
999 _c12818
_d12818